Arrêts Naolib (Nantes) les plus partagés - Statistiques

Statistiques générales
  • Ce quiz a été pris 139 fois
  • Le résultat moyen est 9 sur 15
Statistiques - réponses
Nombre de lignes Lignes Arrêt % Correct
7 1,2,3,26,54,C2,C3 Commerce
99%
10 2,3,27,28,36,38,42,E8,C4,C9 Pirmil
83%
7 1,23,77,80,85,95,C1 Haluchère Batignolles
71%
6 2,11,23,C1,C2,C6 Place du Cirque
67%
6 3,12,59,79,89,C20 Beauséjour
64%
6 2,3,54,C2,C3,NA Hôtel Dieu
61%
8 4,27,28,36,38,E8,C4,C9 Greneraie
59%
6 2,66,75,80,E5,C20 Ecole Centrale Audencia
58%
7 1,23,40,59,81,91,C20 Mendès France Bellevue
58%
7 11,23,26,54,C1,C3,C6 St-Nicolas
52%
7 2,26,66,75,80,86,E5 Recteur Schmitt
51%
6 3,36,40,78,88,98 Neustrie
49%
6 28,42,47,60,97,E4 Vertou
35%
6 50,66,75,80,86,E5 Porte de La Chapelle
34%
6 27,28,36,38,C4,C9 Châtelets
26%
Aucun quiz correspondant
Distribution des résultats
% des personnes avec chaque résultat
Percentile par nombre de réponses
Votre historique - résultats
Vous n’avez pas pris ce quiz